000 00851nam a2200265 a 4500
008
020 _a0849395879 (hbk.)
049 _aMAIN
090 0 0 _aTJ163.5.B84
100 1 _aKrarti, Moncef.
245 1 0 _aEnergy audit of building systems :
_ban engineering approach /
_cMoncef Krarti.
260 _aBoca Raton, Fla. :
_bCRC Press,
_cc2000.
300 _axix, 489 p. :
_bill. ;
_c25 cm.
440 1 _aMechanical engineering series
504 _aIncludes bibliographical references.
500 _aIncludes index.
650 0 _aBuildings
_xEnergy conservation.
650 0 _aEnergy auditing.
830 0 _aAdvanced topics in mechanical engineering series.
907 _a.b10154292
_b05-04-05
_c24-02-05
003
005 20230123133931.0
040 _cNUST
942 _cBOOKS
_kTJ163.5.B84
999 _c157138
_d157138